Michel Simon
Enregistré dans:
| Auteur principal: | |
|---|---|
| Format: | Livre |
| Langue: | français |
| Publié: |
París
Seghers
1970
|
| Collection: | Cinéma d'Aujourd'Hui, 61
|
| Sujets: | |
| Tags: |
Ajouter un tag
Pas de tags, Soyez le premier à ajouter un tag!
|
MARC
| LEADER | 00000nam a2200000 a 4500 | ||
|---|---|---|---|
| 001 | UCO5772 | ||
| 003 | CL-VaPUC | ||
| 008 | 000915e19700000FR |||||||||||||||||fre|d | ||
| 082 | 0 | 4 | |a 791.4309 |b FAN |2 21 |
| 100 | 0 | |a Fansten, Jacques |e author |9 450587 | |
| 245 | 1 | 0 | |a Michel Simon |
| 300 | |a 183 p | ||
| 942 | |c BK | ||
| 945 | |d 20000915 00:00:00 |a crobeson | ||
| 260 | |a París |b Seghers |c 1970 | ||
| 600 | 0 | 7 | |a SIMON, MICHEL |2 CL-VaPUC |9 450588 |
| 650 | 0 | |a Actores de cine |9 356708 | |
| 650 | 7 | |a CINE FRANCES |2 CL-VaPUC |9 413098 | |
| 650 | 0 | |a Biografías |9 255210 | |
| 583 | |a last modification |c 20000915 00:00:00 |k Rodrigo Vera | ||
| 490 | 0 | |a Cinéma d'Aujourd'Hui, 61 | |
| 999 | |c 291602 |d 291600 | ||
| 952 | |0 0 |1 0 |4 0 |6 791_430900000000000_FAN_1970 |7 0 |8 P |9 341567 |a BIBART |b BIBART |d 2019-11-20 |i 1222414 |o 791.4309 FAN 1970 |p 1222414 |r 2025-03-13 |w 2019-11-20 |y BK |k ART | ||